Sports Quiz

Random Sports or Baseball Quiz
Score 0/5 Timer 02:00
0 Plays Today
# of losses Name % Correct
292Nolan Ryan
92.1%
274Phil Niekro
72.8%
250Bert Blyleven
60.7%
256Don Sutton
59.6%
265Gaylord Perry
58.2%

You're not logged in!

Compare scores with friends on all Sporcle quizzes.
OR
Log In

Sporcle TV

Today on Sporcle TV


Watch our educational content, quiz creation guides, and fun videos on Sporcle TV.

Show Comments

Extras

Top Quizzes Today


Score Distribution

Paid Content

Your Account Isn't Verified!

In order to create a playlist on Sporcle, you need to verify the email address you used during registration. Go to your Sporcle Settings to finish the process.

Report this User

Report this user for behavior that violates our Community Guidelines.

Details: